Logo BPK

Biblioteka

Politechniki Koszalińskiej

Zasady odwzorowań utworów przestrzennych na płaszczyźnie rysunku : (Rekord nr 37679)

Szczegóły MARC
000 -ETYKIETA REKORDU
podpole kontrolne o stałej długości 00801nam a2200241 i 4500
001 - NUMER KONTROLNY REKORDU
pole kontrolne bg
020 ## - MIĘDZYNARODOWY ZNORMALIZOWANY NUMER KSIĄŻKI - ISBN
ISBN 837242084X
040 ## - ŹRÓDŁO KATALOGOWANIA
Instytucja, która utworzyła rekord BPK
041 0# - KOD JĘZYKA
Kod języka tekstu pl
080 ## - UNIWERSALNA KLASYFIKACJA DZIESIĘTNA - UKD
UKD 514.18(075.8)
920 ## - Międzynarodowy znormalizowany numer książki – ISBN
ISBN 83-7242-084-X
008 - POLE O STAŁEJ DŁUGOŚCI - DANE KONTROLNE
podpole kontrolne o stałej długości s pl f |000 0 pol
100 1# - NAZWA OSOBOWA
Nazwa osobowa PAŁASIŃSKI, Zbigniew
245 10 - TYTUŁ/ODPOWIEDZIALNOŚĆ
Tytuł Zasady odwzorowań utworów przestrzennych na płaszczyźnie rysunku :
Ciąg dalszy tytułu skrypt dla studentów wyższych szkół technicznych.Cz. /
Pozostałe elementy strefy tytułu i oznaczenia odpowiedzialności Zbigniew Pałasiński ; Politechnika Krakowska im. Tadeusza Kościuszki
Oznaczenie części/sekcji dzieła 2.
250 ## - STREFA WYDANIA
Oznaczenie wydania Wyd. 5.
260 ## - STREFA ADRESU WYDAWNICZEGO
Miejsce wydania Kraków :
Nazwa wydawcy/dystrybutora PK,
Data publikacji, dystrybucji/powstania dokumentu 1999.
300 ## - STREFA OPISU FIZYCZNEGO
Objętość 145 s. :
Inne cechy fizyczne il. ;
Rozmiary 24 cm.
504 ## - UWAGA DOTYCZĄCA BIBLIOGRAFII
Informacje o bibliografii Bibliogr.
650 #9 - HASŁO PRZEDMIOTOWE W FORMIE NAZWY OGÓLNEJ LUB JEDNOSTKOWEJ
Nazwa ogólna lub geograficzna Geometria wykreślna
655 ## - TERMIN INDEKSOWY - OKREŚLENIE RODZAJU/FORMY DOKUMENTU
Określenie rodzaju/formy dokumentu Podręczniki akademickie
710 #0 - HASŁO DODATKOWE - NAZWA CIAŁA ZBIOROWEGO
Nazwa ciała zbiorowego lub jednostki geograficznej Politechnika Krakowska im. Tadeusza Kościuszki
856 ## - LOKALIZACJA I DOSTĘP DO ELEKTRONICZNYCH DOKUMENTÓW ZDALNYCH
Link (URL) http://koha.tu.koszalin.pl/cgi-bin/koha/opac-detail.pl?biblionumber=37679
Tekst linku Katalog online BPK
942 ## - DODATKOWE ELEMENTY (KOHA)
Typ dokumentu Książka
Egzemplarze
Wycofany Status egzemplarza Uszkodzony Dostępność Lokalizacja stała Lokalizacja bieżąca Miejsce przechowywania Sygnatura Kod kreskowy Typ dokumentu
      Dostępny Biblioteka Politechniki Koszalińskiej Biblioteka Politechniki Koszalińskiej Wypożyczalnia BG 54083 01490671 Książka
© 2023 Biblioteka Politechniki Koszalińskiej :: KOHA